| 000 | 01155nam a2200253Ia 4500 | ||
|---|---|---|---|
| 999 |
_c53040 _d53040 |
||
| 001 | 20076 | ||
| 003 | GE_BSU | ||
| 005 | 20250422174143.0 | ||
| 008 | 181216s2011||||ge |||||||||||||| ||geo|| | ||
| 020 | _a978-9941-10-317-9 | ||
| 040 | _cGE_BSU | ||
| 041 | _ageo | ||
| 080 | _a821.353.1-31დ-78 | ||
| 100 |
_aდოჩანაშვილი, გ. (გურამ) _924105 |
||
| 245 |
_aსამოსელი პირველი [ტექსტი] : _b[რომანი] / _cგურამ დოჩანაშვილი ; რედაქტორი ნელი ელიზბარაშვილი ; მხატვარი ვახტანგ რურუა. |
||
| 264 |
_aთბილისი : _bმერიდიანი, _c2011. |
||
| 300 |
_a664 გვ. : _b ნახ. ; _c21 სმ. |
||
| 541 | _h28 ლ. | ||
| 653 | _aრომანი | ||
| 653 | _aსამოსელი პირველი | ||
| 700 |
_aელიზბარაშვილი, ნელი _eრედაქტორი _92498 |
||
| 700 |
_aრურუა, ვახტანგ, _e მხატვარი _918658 |
||
| 942 |
_cBK _2udc |
||